La universidad y sus misiones / (Record no. 57844)

MARC details
000 -CABECERA
campo de control de longitud fija 00654nam a2200193 a 4500
005 - FECHA Y HORA DE LA ÚLTIMA TRANSACCIÓN
campo de control 20240910063751.0
008 - ELEMENTOS DE LONGITUD FIJA--INFORMACIÓN GENERAL
campo de control de longitud fija 991125s1958 ag 000 0 spa u
035 ## - NÚMERO DE CONTROL DEL SISTEMA
Número de control de sistema UPN01000057844
049 ## - COLECCIÓN
Colección F
050 #4 - SIGNATURA TOPOGRÁFICA DE LA BIBLIOTECA DEL CONGRESO
Número de clasificación LA548
Número de documento/Ítem F7.8
100 1# - ASIENTO PRINCIPAL--NOMBRE PERSONAL
Nombre de persona Frondizi, Risieri,
Fechas asociadas al nombre 1910-1985
9 (RLIN) 31954
245 13 - MENCIÓN DE TÍTULO
Título La universidad y sus misiones /
Mención de responsabilidad, etc. por Risieri Frondizi.
260 ## - PUBLICACIÓN, DISTRIBUCIÓN, ETC.
Lugar de publicación, distribución, etc. Santa Fé [Arg.] :
Nombre del editor, distribuidor, etc. Universidad Nacional del Litoral, Instituto Social,
Fecha de publicación, distribución, etc. 1958.
300 ## - DESCRIPCIÓN FÍSICA
Extensión 43 p.
440 #0 - MENCIÓN DE SERIE/ASIENTO SECUNDARIO--TÍTULO
Título Publicación de extensión universitaria ;
Designación de volumen o secuencia 88
650 #4 - ASIENTO SECUNDARIO DE MATERIA - TERMINO TEMATICO
Término de materia o nombre geográfico como elemento de entrada Educación superior
Subdivisión geográfica Argentina
9 (RLIN) 6845
650 #4 - ASIENTO SECUNDARIO DE MATERIA - TERMINO TEMATICO
Término de materia o nombre geográfico como elemento de entrada UNIVERSIDADES Y COLEGIOS -
Subdivisión geográfica ARGENTINA
9 (RLIN) 26083
905 ## - TIPO DE MATERIAL
Tipo de material Libro
Holdings
Estado de retiro Estado de pérdida Fuente del sistema de clasificación o colocación Estado dañado No para préstamo Código de colección Localización permanente Ubicación/localización actual Ubicación en estantería Fecha de adquisición Total de préstamos Clasificación Código de barras Fecha visto por última vez Número de copia Tipo de ítem Koha
    Library of Congress Classification   Disponible (Préstamo en sala) Folletería Bib. Gregorio Torres Quintero Bib. Gregorio Torres Quintero Colecciones especiales Planta alta 03/05/2023 2 LA548 F7.8 43518 31/12/2020 1 Folleto